000 00488nam a2200241Ia 4500
001 072960
003 YMCAF
005 20230512160821.0
008 100717s9999 ||||||||||||||||| ||und|d
020 _a-
024 _a72960
035 _a12423
040 _aYMCAF
_beng
_cIN-KoLT
041 _aeng
082 _a005.73
_bKRU
100 _aKRNSE
245 0 _aDATA STRUCTURE PROGRAMMING DESIGN
250 _a-
260 _bTMH
653 _a-
653 _a-
942 _2ddc
_cBK
999 _c6582
_d6582